000 00947cam a22002898a 4500
999 _c3872
_d3872
001 ocmocm58054580
003 OCoLC
005 20241114081444.0
008 050224r20052004enk j 000 1 eng
015 _aGBA519288
_2bnb
020 _a9781510108622 (pbk.) :
040 _aUKM
_cUKM
_dTW-KhWUC
041 0 _aeng
044 _axxu
090 _aFIC PAV
100 1 _aPaver, Michelle.
_eaut.
245 1 0 _aSpirit Walker /
_cMichelle Paver.
260 _aLondon :
_bOrion children's book ,
_c2006.
300 _a278 p. :
_bill. ;
_c20 cm.
440 0 _aChronicles of ancient darkness;
_vbk. 2.
520 _aWhen a deadly illness begins to afflict the clans, twelve-year-old Torak, with help from Renn and Wolf, embarks on a journey to find a cure.
650 0 _aWolves
_vFiction.
650 0 _aDemoniac possession
_vFiction.
650 0 _aPrehistoric peoples
_vFiction.
650 0 _aVoyages and travels
_vFiction.
942 _2ddc
_cFIC